| 000 | 00557nam a2200229Ia 4500 | ||
|---|---|---|---|
| 003 | OSt | ||
| 005 | 20221005121900.0 | ||
| 006 | a|||||r|||| 00| 0 | ||
| 007 | ta | ||
| 008 | 221004b |||||||| |||| 00| 0 eng d | ||
| 024 | _a69372 | ||
| 037 | _cTextual | ||
| 040 |
_aCRL _cCRL _beng |
||
| 041 |
_2eng _aeng |
||
| 082 | _aX724e, J9 | ||
| 100 | _aMehta V G | ||
| 245 | 0 |
_aIncome-tax super-tax ready reckoner _b1958-59 |
|
| 260 | _c1959 | ||
| 650 | _aECONOMICS | ||
| 942 |
_hX724e, J9 _cTEXL _2cc |
||
| 999 |
_c1042567 _d1042567 |
||